| 000 | 00526nam a2200205Ia 4500 | ||
|---|---|---|---|
| 005 | 20250505125009.0 | ||
| 008 | 008 250505s9999 xx 000 0 eng d | ||
| 037 | _aReference | ||
| 040 |
_aLCO _beng _cLCO |
||
| 041 |
_aeng _2eng |
||
| 084 |
_aZ(Q2) P0 _qLCO |
||
| 100 | _aSmith, Brian K. | ||
| 245 | 0 |
_aLaw of Manu _cBrian K. Smith |
|
| 260 |
_aHaryana, India _bPenguin India _c2000 |
||
| 300 | _a362 | ||
| 365 |
_aINR _b550 |
||
| 650 | _aLaw | ||
| 942 |
_cREF _hZ(Q2) P0 |
||
| 999 |
_c1311011 _d1311011 |
||